Normal view MARC view

Entry Personal Name

Number of records used in: 1

001 - CONTROL NUMBER

  • control field: 1161

003 - CONTROL NUMBER IDENTIFIER

  • control field: DLC

005 - DATE AND TIME OF LATEST TRANSACTION

  • control field: 20200113154850.0

008 - FIXED-LENGTH DATA ELEMENTS

  • fixed length control field: 980723n| acannaab| |n aaa |||

010 ## - LIBRARY OF CONGRESS CONTROL NUMBER

  • LC control number: n 98066480

040 ## - CATALOGING SOURCE

  • Original cataloging agency: DLC
  • Transcribing agency: DLC

100 10 - HEADING--PERSONAL NAME

  • Personal name: Elkin, Allen

670 ## - SOURCE DATA FOUND

  • Source citation: Urban ease, 1999:
  • Information found: CIP t.p. (Allen Elkin, Ph. D.)

Powered by Koha